Ke Huy Quan Filmography - Statistics

General Stats
  • This quiz has been taken 24 times
    13 since last reset
  • The average score is 12 of 24
Answer Stats
Type Year Name % Correct
Film 2022 Everything Everywhere All at Once
100%
Film 1984 Indiana Jones and the Temple of Doom
100%
Film 1985 The Goonies
100%
Film 2025 Zootopia 2
86%
Film 2024 Kung Fu Panda 4
71%
Film 2025 Love Hurts
71%
Film 2025 The Electric State
71%
Web Series 2023 American Born Chinese
57%
Web Series 2023 Loki
57%
Film 1991 Breathing Fire
43%
Film 1992 Encino Man
43%
Film 2021 Finding 'Ohana
43%
Film 1986 It Takes a Thief
43%
Film 1987 Passenger: Sugisarishi Hibi
43%
Film 1997 Red Pirate
43%
Film 2002 Second Time Around
43%
Music Video 2024 ...Baby One More Time
29%
Film 2025 Bad Boy
29%
Film TBA Fairytale in New York
29%
TV Show 1990-1991 Head of the Class
29%
TV Show 1991 Tales from the Crypt
29%
TV Show 2025 The White Lotus
29%
TV Show 1986-1987 Nothing Is Easy
14%
TV Mini-Series 1993 The Big Eunuch and the Little Carpenter
14%
No matching quizzes found
Score Distribution
Percent of People with Each Score
Percentile by Number Answered
Your Score History
You have not taken this quiz since the last reset